000 00307nam a22001337a 4500
008 170830b xxu||||| |||| 00| 0 eng d
020 _a9780813810881
041 _aeng
080 _25 ED
_a070
100 _a39
101 _aMED
245 _aGROPING ETHICS IN JOURNALISM
_cSMITH.R.E
942 _2udc
_cBK
999 _c25457
_d25457